<?xml version="1.0" encoding="UTF-8"?>
<record
    xmlns:xsi="http://www.w3.org/2001/XMLSchema-instance"
    xsi:schemaLocation="http://www.loc.gov/MARC21/slim http://www.loc.gov/standards/marcxml/schema/MARC21slim.xsd"
    xmlns="http://www.loc.gov/MARC21/slim">

  <leader>02807nam a2200397Ii 4500</leader>
  <controlfield tag="001">991106935514506196</controlfield>
  <controlfield tag="005">20260512145901.0</controlfield>
  <controlfield tag="006">m     o  d        </controlfield>
  <controlfield tag="007">cr            </controlfield>
  <controlfield tag="008">181112t20182019fluab   ob    001 0 eng d</controlfield>
  <datafield tag="020" ind1=" " ind2=" ">
    <subfield code="a">9781138323179</subfield>
  </datafield>
  <datafield tag="035" ind1=" " ind2=" ">
    <subfield code="a">(CKB)4920000000019238</subfield>
  </datafield>
  <datafield tag="035" ind1=" " ind2=" ">
    <subfield code="a">(OCoLC)1053623336</subfield>
  </datafield>
  <datafield tag="035" ind1=" " ind2=" ">
    <subfield code="a">(FlBoTFG)9780429451560</subfield>
  </datafield>
  <datafield tag="035" ind1=" " ind2=" ">
    <subfield code="a">(EXLCZ)994920000000019238</subfield>
  </datafield>
  <datafield tag="040" ind1=" " ind2=" ">
    <subfield code="a">FlBoTFG</subfield>
    <subfield code="c">FlBoTFG</subfield>
    <subfield code="e">rda</subfield>
  </datafield>
  <datafield tag="041" ind1="1" ind2=" ">
    <subfield code="a">eng</subfield>
  </datafield>
  <datafield tag="050" ind1=" " ind2="4">
    <subfield code="a">HF5415</subfield>
  </datafield>
  <datafield tag="100" ind1=" " ind2=" ">
    <subfield code="a">Pantano, Eleonora,</subfield>
    <subfield code="e">author.</subfield>
    <subfield code="9">26031</subfield>
  </datafield>
  <datafield tag="245" ind1="1" ind2="0">
    <subfield code="a">Technology and Innovation for Marketing </subfield>
    <subfield code="c">/ by Eleonora Pantano, Clara Bassano and Constantinos-Vasilios Priporas.</subfield>
  </datafield>
  <datafield tag="250" ind1=" " ind2=" ">
    <subfield code="a">First edition.</subfield>
  </datafield>
  <datafield tag="264" ind1=" " ind2="1">
    <subfield code="a">Boca Raton, FL :</subfield>
    <subfield code="b">Routledge,</subfield>
    <subfield code="c">[2018].</subfield>
  </datafield>
  <datafield tag="264" ind1=" " ind2="4">
    <subfield code="c">2019.</subfield>
  </datafield>
  <datafield tag="300" ind1=" " ind2=" ">
    <subfield code="a">146 pages</subfield>
    <subfield code="b">14 illustrations, </subfield>
  </datafield>
  <datafield tag="504" ind1=" " ind2=" ">
    <subfield code="a">Includes bibliographical references and index.</subfield>
  </datafield>
  <datafield tag="505" ind1="0" ind2="0">
    <subfield code="t">Part I: Strategy Development &#x2014; Introduction to the Innovation Theory for Marketing Purposes &#x2014; Innovation as a Business Process &#x2014; Understanding Innovation Solutions &#x2014; Sources of Innovation &#x2014; Open Innovation and Collaboration &#x2014; Consumer Acceptance of Innovation &#x2014; Part II: Implementation and Practice &#x2014; Creating New Products and Services &#x2014; Capturing the Benefits of Innovation &#x2014; Capture Learning from Innovation &#x2014; Concluding Remarks and Exercises.</subfield>
  </datafield>
  <datafield tag="520" ind1="3" ind2=" ">
    <subfield code="a">Marketers have recently witnessed an explosion of technology-based innovation that has profoundly affected their management and strategy. This technology can be a gift &#x2013; enabling them to get closer to their customers and their needs &#x2013; or a poisoned chalice, should they fail to keep up with technology innovation and find themselves, or their products, irrelevant.

In this book, Eleonora Pantano, Clara Bassano and Constantinos-Vasilios Priporas describe this phenomenon as the 'consumer pull vs technology push' that forces marketing strategists to innovate to survive and thrive. It is a guide to the emerging approaches to marketing prompted by the impact of innovation and technology, in order to help students, scholars and practitioners work innovation and change to their best advantage.

Including a wealth of empirical and theoretical contributions, models, approaches methods, tools and case studies, this book is essential reading for marketing strategy, digital marketing, and innovation students, as well as marketing practitioners.</subfield>
  </datafield>
  <datafield tag="650" ind1=" " ind2="0">
    <subfield code="a">Marketing </subfield>
    <subfield code="x">Technological innovations</subfield>
    <subfield code="9">1127</subfield>
  </datafield>
  <datafield tag="650" ind1=" " ind2="0">
    <subfield code="a">Marketing</subfield>
    <subfield code="x">Management.</subfield>
    <subfield code="9">9256</subfield>
  </datafield>
  <datafield tag="650" ind1=" " ind2="0">
    <subfield code="a">Digital Marketing</subfield>
    <subfield code="9">25727</subfield>
  </datafield>
  <datafield tag="650" ind1=" " ind2="0">
    <subfield code="a">Innovation management</subfield>
    <subfield code="9">6319</subfield>
  </datafield>
  <datafield tag="650" ind1=" " ind2="0">
    <subfield code="a">Management Technology</subfield>
    <subfield code="9">7418</subfield>
  </datafield>
  <datafield tag="700" ind1=" " ind2=" ">
    <subfield code="a">Bassano, Clara </subfield>
    <subfield code="e">author.</subfield>
    <subfield code="9">26032</subfield>
  </datafield>
  <datafield tag="700" ind1=" " ind2=" ">
    <subfield code="a">Priporas, Constantinos-Vasilios</subfield>
    <subfield code="e">author.</subfield>
    <subfield code="9">26033</subfield>
  </datafield>
  <datafield tag="942" ind1=" " ind2=" ">
    <subfield code="2">lcc</subfield>
  </datafield>
  <datafield tag="952" ind1=" " ind2=" ">
    <subfield code="0">0</subfield>
    <subfield code="1">0</subfield>
    <subfield code="2">lcc</subfield>
    <subfield code="4">0</subfield>
    <subfield code="7">0</subfield>
    <subfield code="a">TBS</subfield>
    <subfield code="b">TBS</subfield>
    <subfield code="d">2025-10-07</subfield>
    <subfield code="l">0</subfield>
    <subfield code="o">HF5415 PAN</subfield>
    <subfield code="p">B07707</subfield>
    <subfield code="r">2026-02-25</subfield>
    <subfield code="t">1</subfield>
    <subfield code="w">2025-10-07</subfield>
    <subfield code="y">1</subfield>
  </datafield>
  <datafield tag="999" ind1=" " ind2=" ">
    <subfield code="c">5013</subfield>
    <subfield code="d">5013</subfield>
  </datafield>
</record>
